000
00327nam a2200133Ia 4500
008
240624s9999 xx 000 0 und d
041
_a
eng
082
_a
823 AUS
100
_a
AUSTEN JANE
245
_a
NORTHANGER ABBEY
260
_c
2010
_a
New Delhi
_b
HarperCollins
300
_a
viii, : 258 : p. : cm. ; 18
365
_c
RS
_b
25
999
_c
18650
_d
18650